Opúsculos castellanos de Ambrosio de Morales cuyos originales se conservan ineditos en la Real Biblioteca del Monasterio del Escorial, ahora por primera ves impresos, ordenados, y anotados en varias noticias históricas / por el P. Fr. Francisco Valerio Cifuentes

Detalles Bibliográficos
Autor principal: Morales, Ambrosio de (1513-1591)
Formato: Libro
Lenguaje:Undetermined
Spanish
Publicado: Madrid : en la oficina de D. Benito Cano, 1793.
Materias:
Colección:Banco de datos
Acervo:Biblioteca Palafoxiana. Colección bibliográfica
Descripción Física:t. ; 4°
Tema general:Historia civil
Notas:Incluye portada alegórica. Sello en tinta: Biblioteca Pública Palafoxiana. Ex libris estampa: Josef Maria Couto Ybea. Número de localización: t.1 (23284)
LEADER 00874nam a2200169Ia 4500
008 150723s9999 xx 000 0 und d
041 0 |a spa 
050 0 |a PAFX D20 M6 
100 1 |a Morales, Ambrosio de (1513-1591) 
245 1 0 |a Opúsculos castellanos de Ambrosio de Morales cuyos originales se conservan ineditos en la Real Biblioteca del Monasterio del Escorial, ahora por primera ves impresos, ordenados, y anotados en varias noticias históricas / por el P. Fr. Francisco Valerio Cifuentes 
260 |a Madrid : en la oficina de D. Benito Cano, 1793. 
300 |a t. ; 4° 
500 |a Incluye portada alegórica. Sello en tinta: Biblioteca Pública Palafoxiana. Ex libris estampa: Josef Maria Couto Ybea. Número de localización: t.1 (23284) 
650 1 0 |a Historia civil 
942 |c PALALIB 
943 |g Biblioteca Palafoxiana. Colección bibliográfica 
999 |c 1051792  |d 1051792